000 00673nam a2200289Ia 4500
005 20260324120049.0
008 008 260324s9999 xx 000 0 eng d
020 _a9780429476761
037 _aEBOOK
040 _aCRL
040 _beng
040 _cCRL
041 _2eng
041 _aeng
084 _qCRL
100 _aStephen Bloch; Loray Daws
_91157092
245 0 _aLiving Moments
245 0 _bOn the Work of Michael Eigen
260 _bTaylor and Francis
260 _c2015
365 _a
365 _b220
856 _uhttp://www.taylorfrancis.com/books/9780429476761
942 _cEBOOK
999 _c1748405
_d1748405